| 000 | 00639cam a22002171 4500 | ||
|---|---|---|---|
| 001 | l 30000142 | ||
| 003 | DLC | ||
| 005 | 20260227111532.0 | ||
| 008 | 830118s1930 dcu 000 0 eng | ||
| 010 | _al 30000142 | ||
| 035 | _a(OCoLC)29100120 | ||
| 040 |
_aDLC _cMnU _dMH _dOCoLC _dDLC |
||
| 042 | _apremarc | ||
| 050 | 0 | 0 |
_aHD8051 _b.A62 no. 518 |
| 100 | 1 |
_aStewart, Estelle M. _q(Estelle May), _d1887-1938. |
|
| 245 | 1 | 0 | _aPersonnel research agencies, 1930 ed. |
| 260 |
_aWashington, _bU.S. Govt. print. off., _c1930. |
||
| 300 |
_axiv, 197 p. _c23 cm. |
||
| 650 | 0 | _aPersonnel management. | |
| 700 | 1 |
_aThompson, James David, _d1873- |
|
| 999 |
_c35988 _d35988 |
||